00861nam a22002297a 4500003000500000005001700005008004100022010000900063011000900072035000900081040000900090100003900099245017300138260004000311300001000351500001100361502010900372650002600481650002500507650004500532710005400577CHAP20220817041117.0971013s1992 r 00010 d a6612 a7584 a6807 cCHAP00aPacheco Espinoza, Ponciano Javier. aSelección de genotipos de frijol (Phaseolus vulgaris L.) por resistencia horizontal a la conchuela de frijol (Epilachna varivestis Mulsant: Coleoptera: Coccinellidae) aChapingo, Méx. :bEl autor,c1992 a58 h. a62-255 aTesis (Ing. Agr. Esp. en Parasitología Agrícola) -- UACH. Departamento de Parasitología Agrícola14aEpilachna varivestis.14aFrijolxRendimiento.14aFrijolxVariedades resistentes a plagas.0 aUACH. Departamento de Parasitología Agrícola.